| 000 | 01440nam a2200301 a 4500 | ||
|---|---|---|---|
| 001 | 61774 | ||
| 003 | BD-RjUL | ||
| 005 | 20211209081012.0 | ||
| 008 | 170221s2007 bg a s o000 0|eng|| | ||
| 020 |
_a9845087329 _c: Tk. 500.00 Inland |
||
| 035 | _a(BD-RjUL)61898 | ||
| 040 |
_aDLC _cDLC _dDLC _dBD-RjUL _beng |
||
| 041 | 0 | _aengben | |
| 082 |
_223 _a304.6095492021 _bNET 2007 (ZS) |
||
| 110 |
_aBangladesh Bureau of Statistics. _9179266 |
||
| 245 | 1 | 0 |
_aBangladesh population census-2001 = বাংলাদেশ আদমশুমারি-২০০১ : _bZila series, Zila : Netrokona= জেলা সিরিজ, জেলা : নেএকোনা / _cBangladesh Bureau of Statistics. |
| 246 |
_aবাংলাদেশ আদমশুমারি-২০০১ : _bজেলা সিরিজ, জেলা : নেএকোনা |
||
| 260 |
_aDhaka : _bBangladesh Bureau of Statistics, _c2007. |
||
| 300 |
_axviii,341 p. : _bill. ; _c28 cm. |
||
| 490 | _aZila series, Zila: Netrokona | ||
| 490 | _aজেলা সিরিজ, জেলা: নেএকোনা | ||
| 500 | _aPrefatory matter in Bengali and English. | ||
| 651 |
_aBangladesh _z Netrokona _vCensus,2001 _9183920 |
||
| 651 |
_aBangladesh _z Netrokona _xPopulation _vStatistics _9180057 |
||
| 830 |
_aZila series, Zila: Netrokona _9182072 |
||
| 830 |
_aজেলা সিরিজ, জেলা: নেএকোনা _9180637 |
||
| 942 |
_2ddc _cRAR |
||
| 999 |
_c61774 _d61774 |
||